Capital Cities on Islands - Statistics

General Stats
  • This quiz has been taken 37 times
  • The average score is 29 of 44
Answer Stats
Island Capital City % Correct
Ireland Dublin
100%
Cuba Havana
100%
Jamaica Kingston
100%
Great Britain London
100%
Iceland Reykjavík
100%
Malta Valletta
100%
Cyprus Nicosia
94%
Hispaniola Port-au-Prince
91%
Santo Domingo
88%
Taiwan Taipei
88%
New Guinea Port Moresby
85%
Madagascar Antananarivo
82%
Java Jakarta
82%
Honshū Tokyo
82%
Luzon Manila
79%
Barbados Bridgetown
76%
Bahrain Manama
76%
Mauritius Port Louis
76%
Timor Díli
73%
Trinidad Port of Spain
73%
North Wellington
73%
Saint Lucia Castries
67%
Dominica Roseau
64%
Zealand Copenhagen
61%
Antigua Saint John's
61%
Nauru Yaren
61%
Saint Kitts Basseterre
58%
Grenada Saint George's
58%
Sri Lanka Sri Jayawardenepura Kotte
55%
Borneo Bandar Seri Begawan
52%
Saint Vincent Kingstown
48%
Grande Comore Moroni
45%
Mahé Victoria
45%
Bioko Malabo
42%
Guadalcanal Honiara
39%
Tongatapu Nukuʻalofa
39%
Viti Levu Suva
39%
Upolu Apia
36%
New Providence Nassau
36%
Pohnpei Palikir
33%
Efate Port Vila
33%
Santiago Praia
33%
Babeldaob Ngerulmud
30%
Saint Mary's Banjul
18%
No matching quizzes found
Score Distribution
Percent of People with Each Score
Percentile by Number Answered
Your Score History
You have not taken this quiz